Clara and the curandera = (Record no. 23503)

MARC details
000 -LEADER
fixed length control field 02159cam a2200481 a 4500
001 - CONTROL NUMBER
control field sjds465360
003 - CONTROL NUMBER IDENTIFIER
control field sjds
005 - DATE AND TIME OF LATEST TRANSACTION
control field 20200103110042.0
008 - FIXED-LENGTH DATA ELEMENTS--GENERAL INFORMATION
fixed length control field 110128s2011 txua b 000 1 eng
010 ## - LIBRARY OF CONGRESS CONTROL NUMBER
LC control number 2010054216
020 ## - INTERNATIONAL STANDARD BOOK NUMBER
International Standard Book Number 9781558857001
020 ## - INTERNATIONAL STANDARD BOOK NUMBER
International Standard Book Number 1558857001
035 ## - SYSTEM CONTROL NUMBER
System control number (OCoLC)704116189
040 ## - CATALOGING SOURCE
Original cataloging agency DLC
Transcribing agency DLC
Modifying agency YDXCP
-- IFA
-- UtOrBLW
041 1# - LANGUAGE CODE
Language code of text/sound track or separate title eng
-- spa
Language code of original eng
049 ## - LOCAL HOLDINGS (OCLC)
Holding library IFAA
099 ## - LOCAL FREE-TEXT CALL NUMBER (OCLC)
Classification number ESPANOL PICTURE BOOKS BROWN 2011
100 1# - MAIN ENTRY--PERSONAL NAME
Personal name Brown, Monica,
Dates associated with a name 1969-
Relator term author.
245 10 - TITLE STATEMENT
Title Clara and the curandera =
Remainder of title Clara y la curandera /
Statement of responsibility, etc. by/por Monica Brown ; illustrations by/illustraciones de Thelma Muraida ; Spanish translation by/ Traduccion al espanol de Gabriela Baeza Ventura.
246 31 - VARYING FORM OF TITLE
Title proper/short title Clara y la curandera
260 ## - PUBLICATION, DISTRIBUTION, ETC. (IMPRINT)
Place of publication, distribution, etc. Houston, Tex. :
Name of publisher, distributor, etc. Pinata Books/Arte Publico Press,
Date of publication, distribution, etc. 2011.
264 #1 - PRODUCTION, PUBLICATION, DISTRIBUTION, MANUFACTURE, AND COPYRIGHT NOTICE
Place of production, publication, distribution, manufacture Houston, Tex. :
Name of producer, publisher, distributor, manufacturer Pinata Books/Arte Publico Press,
Date of production, publication, distribution, manufacture, or copyright notice 2011.
300 ## - PHYSICAL DESCRIPTION
Extent 1 volume (unpaged) :
Other physical details color illustrations ;
Dimensions 23 x 29 cm
336 ## - CONTENT TYPE
Content type term text
Content type code txt
Source rdacontent
337 ## - MEDIA TYPE
Media type term unmediated
Media type code n
Source rdamedia
338 ## - CARRIER TYPE
Carrier type term volume
Carrier type code nc
Source rdacarrier
520 ## - SUMMARY, ETC.
Summary, etc. Clara's grumpiness leads her mother to take her to a neighbor who is a curandera, or healer, and although she is puzzled by her "treatment," Clara dutifully helps her neighbors, is kind to her siblings, and reads more books for a week.
526 0# - STUDY PROGRAM INFORMATION NOTE
Program name Accelerated Reader
Interest level LG
Reading level 3.6
Title point value 0.5
Public note 150744
546 ## - LANGUAGE NOTE
Language note English and Spanish.
650 #0 - SUBJECT ADDED ENTRY--TOPICAL TERM
Topical term or geographic name as entry element Conduct of life
Form subdivision Juvenile fiction.
650 #0 - SUBJECT ADDED ENTRY--TOPICAL TERM
Topical term or geographic name as entry element Women healers
Form subdivision Juvenile fiction.
650 #0 - SUBJECT ADDED ENTRY--TOPICAL TERM
Topical term or geographic name as entry element Families
Form subdivision Juvenile fiction.
650 #0 - SUBJECT ADDED ENTRY--TOPICAL TERM
Topical term or geographic name as entry element Spanish language materials
General subdivision Bilingual
Form subdivision Juvenile literature.
650 #7 - SUBJECT ADDED ENTRY--TOPICAL TERM
Topical term or geographic name as entry element Conducta (Ética)
Form subdivision Novela juvenil.
Source of heading or term bidex
650 #7 - SUBJECT ADDED ENTRY--TOPICAL TERM
Topical term or geographic name as entry element Curanderas (Medicina folklórica)
Form subdivision Novela juvenil.
Source of heading or term bidex
650 #7 - SUBJECT ADDED ENTRY--TOPICAL TERM
Topical term or geographic name as entry element Familia
Form subdivision Novela juvenil.
Source of heading or term bidex
650 #7 - SUBJECT ADDED ENTRY--TOPICAL TERM
Topical term or geographic name as entry element Materiales bilingües en español
Form subdivision Literatura juvenil.
Source of heading or term bidex
700 12 - ADDED ENTRY--PERSONAL NAME
Personal name Brown, Monica,
Dates associated with a name 1969-
Title of a work Clara and the curandera.
Language of a work Spanish.
700 12 - ADDED ENTRY--PERSONAL NAME
Personal name Brown, Monica,
Dates associated with a name 1969-
Title of a work Clara and the curandera.
Language of a work English.
700 1# - ADDED ENTRY--PERSONAL NAME
Personal name Muraida, Thelma,
Relator term illustrator.
700 1# - ADDED ENTRY--PERSONAL NAME
Personal name Ventura, Gabriela Baeza.
942 ## - ADDED ENTRY ELEMENTS (KOHA)
Koha item type Libro/Book
Source of classification or shelving scheme Dewey Decimal Classification
Holdings
Withdrawn status Lost status Damaged status Not for loan Home library Current library Date acquired Inventory number Total Checkouts Total Renewals Full call number Barcode Date last seen Date checked out Price effective from Koha item type Checked out
        Azul y Blanco -- Satellite Azul y Blanco -- Satellite 13/05/2014 inventory date: 22-1-25 4 1 JI 35200167 25/02/2016 20/02/2016 13/05/2014 Libro/Book  
        San Juan Del Sur -- Mobile La talanguera 14/08/2015   11     33003095 25/02/2021 25/02/2021 14/08/2015 Libro/Book 01/04/2021

Powered by Koha